Dead By Daylight - Wszyscy zabójcy - Statystyki

Ogólne statystyki
  • Ten quiz został rozwiązany 21 razy
  • Średni wynik to 30 z 42
Statystyki odpowiedzi
Oryginalne % Poprawnych
Doktor
93%
Łowczyni
93%
Pielęgniarka
93%
Animatronik
87%
Jedynka
87%
Kształt
87%
Legion
87%
Licz
87%
Traper
87%
Demogorgon
80%
Mózg Operacji
80%
Oni
80%
Wiedźma
80%
Wieśniak
80%
Artystka
73%
Ghost Face
73%
Good Guy
73%
Kanibal
73%
Mistrzyni Ogarów
73%
Osobliwość
73%
Widmo
73%
Zaraza
73%
Zjawa
73%
Bliźnięta
67%
Cenobita
67%
Ghoul
67%
Klaun
67%
Krasue
67%
Ksenomorf
67%
Nemesis
67%
Onryō
67%
Śmiercionośca
67%
Czaszkarka
60%
Magik
60%
Nieznane
60%
Plaga
60%
Świnia
60%
Kat
53%
Koszmar
53%
Pan Ciemności
47%
Wgłębnik
47%
Rycerz
40%
Nie znaleziono quizów pasujących do podanych kryteriów
Rozkład punktacji
Procent ludzi z każdym wynikiem
Percentyl według liczby udzielonych odpowiedzi
Twoja historia wyników
Nie rozwiązałeś tego quizu